000 01112cam a2200253 4500
008 030915n2003 000 0 eng u
020 _a0728204193
035 _a(Sirsi) u123589
041 _aeng
050 _a332.6324
_c18
100 _aOrgan, John D.
245 _aMaximise your property assets
_ban occupier's guide to commercial property
260 _aLondon
_bEstates Gazette
_c2003
300 _axii, 181p.
_c21cm.
350 _a25
520 _aA guide for corporate organisations and their advisers on getting the best out of the commercial property they own or lease. Advice is given on property as a business asset, running a portfolio, reducing the cost base, managing the properties, extracting cash from the portfolio, disposals, and acquisitions. Includes case studies based on actual transactions.
650 _aCORPORATE OCCUPIERS
650 _aProperty management
_96262
650 _aPROPERTY PORTFOLIOS
650 _aPROPERTY-COMMERCIAL PROPERTY
650 _aPROPERTY ASSETS
690 _aPROPERTY-COMMERCIAL PROPERTY-COMMERCIAL PROPERTY FINANCE AND INVESTMENT
942 _n0
999 _c103065
_d103065